书目信息 |
| 题名: |
马克思主义文艺论著选讲
|
|
| 作者: | 周忠厚 , 陆贵山 | |
| 分册: | ||
| 出版信息: | 北京 中国人民大学出版社 1999 |
|
| 页数: | 781页 | |
| 开本: | 20cm | |
| 丛书名: | ||
| 单 册: | ||
| 中图分类: | A569.1 | |
| 科图分类: | ||
| 主题词: | 马列著作--专题汇编 | |
| 电子资源: | ||
| ISBN: | 7-300-00311-7 | |
| 000 | 00620nam0 2200205 450 | |
| 001 | 0728815141 | |
| 005 | 20070819080015.14 | |
| 010 | @a7-300-00311-7@d¥33.00 | |
| 100 | @a20070819d km y0chiy0120 ea | |
| 101 | 0 | @achi |
| 200 | 1 | @a马克思主义文艺论著选讲@Ama ke si zhu yi wen yi lun zhu xuan jiang@f陆贵山,周忠厚@Flu gui shan,zhou zhong hou |
| 205 | @a2版 | |
| 210 | @a北京@c中国人民大学出版社@d1999 | |
| 215 | @a781页@d20cm | |
| 606 | 0 | @a马列著作@x专题汇编 |
| 690 | @aA569.1@v3 | |
| 701 | 0 | @a周忠厚@Azhou zhong hou |
| 701 | 0 | @a陆贵山@Alu gui shan |
| 801 | 0 | @aCN@bPFT@c20070819 |
| 905 | @a213230@dA569.1@eZW2@f1 | |
| 马克思主义文艺论著选讲/陆贵山,周忠厚.-2版.-北京:中国人民大学出版社,1999 |
| 781页;20cm |
| ISBN 7-300-00311-7:¥33.00 |
| ● |
| 相关链接 |
|
|
|
|
正题名:马克思主义文艺论著选讲
索取号:A569.1/ZW2
 
预约/预借
| 序号 | 登录号 | 条形码 | 馆藏地/架位号 | 状态 | 备注 |
| 1 | 7600001 | 276000015 | 密集书库-文学院/ [索取号:A569.1/ZW2] | 在馆 |